Výdavky a náklady z účtovného a daňového hľadiska
Vysvetlenie jednotlivých ustanovení zákona č. 286/1992 o daniach z príjmov, ktoré v základných rámcoch riešia problematiku výdavkov (nákladov). Určenie základu dane. Úprava výdavkov (nákladov) v daňovom priznaní. Hlavné zásady na uplatnenie výdavkov (nákladov).
Saved in:
| Main Author: | |
|---|---|
| Format: | Book Chapter |
| Language: | Slovak |
| Subjects: | |
| Tags: |
No Tags, Be the first to tag this record!
|
MARC
| LEADER | 00000naa a2200000 4500 | ||
|---|---|---|---|
| 001 | r030121 | ||
| 005 | 20230912112456.8 | ||
| 041 | 0 | |a slo | |
| 044 | |a SK | ||
| 245 | 1 | 0 | |a Výdavky a náklady z účtovného a daňového hľadiska |c Marián Drozd |
| 520 | |a Vysvetlenie jednotlivých ustanovení zákona č. 286/1992 o daniach z príjmov, ktoré v základných rámcoch riešia problematiku výdavkov (nákladov). Určenie základu dane. Úprava výdavkov (nákladov) v daňovom priznaní. Hlavné zásady na uplatnenie výdavkov (nákladov). | ||
| 610 | 2 | 0 | |a dane z príjmov |
| 610 | 2 | 0 | |a priznania daňové |
| 610 | 2 | 0 | |a účtovanie |
| 610 | 2 | 0 | |a výdavky |
| 610 | 2 | 0 | |a náklady |
| 610 | 2 | 0 | |a predpisy daňové |
| 610 | 2 | 0 | |a daňovníci |
| 100 | 1 | |a Drozd, Marián | |